000 00760nam a2200205Ia 4500
008 0000001984 fr a 0000000000fre00
090 _aPRU00 W23w
100 1 _aWeisberg, Vladimir Grigorevitch
_d1924
245 1 0 _aWeisberg
300 _a[40] p.
_c/ 34 cm.
500 _aExposición realizada en Galerie Gorky Basmadjian, Paris, Junio 20 Septiembre 15, 1984 \ Con el patronazgo del maestro venezolano Jesús Rafael Soto (q.e.p.d.)
600 0 0 _aWEISBERG, VLADIMIR GRIGOREVITCH, 1924/
_xTRABAJOS PICTORICOS
650 1 4 _aARTE CONTEMPORANEO RUSO
650 1 4 _xCATALOGOS
650 1 4 _aDIBUJOS RUSOS
650 1 4 _xEXPOSICIONES
650 1 4 _aPINTORES RUSOS
650 1 4 _aPINTURA RUSA
999 _c6204
_d6204
260 _aParis : Galerie Gorky Basmadjian
_c1984